MANGROVE forest management guidelines

Bibliographic Details
Corporate Author: Food and Agriculture Organization of the United Nations (FAO)
Format: Book
Published: Rome : Food and Agriculture Organization of the United Nations , 1994
Series:FAO forestry paper; 117
Subjects:

MARC

LEADER 00000cam a2200000 7i4500
001 0000000942
005 20010728.0
020 0 0 |a 9251034451 
090 0 0 |a FAO 634.92   |b MAN 1994 
245 0 0 |a MANGROVE forest management guidelines   |c Forest Resources Development Branch, Forest Resources Division, FAO Forestry Department 
260 0 0 |a Rome :   |b Food and Agriculture Organization of the United Nations ,   |c 1994 
300 |a xxiii, 319 p. :   |b ill. (some col.), maps ;   |c 30 cm. 
440 0 0 |a FAO forestry paper; 117 
500 0 0 |a Bibliography : p. 299-319 
650 0 0 |a Mangrove forests   |x Management 
710 1 1 |a Food and Agriculture Organization of the United Nations (FAO) 
998 |a JPSM 
999 |a 0000002516   |b Monograph   |c Open Shelf   |e Default branch